000 00519nam a2200169 i 4500
001 129571
003 ES-MaACL
007 t|
008 070626s1909 fr ||||1| fre d
100 1 _aFrance, Anatole,
_d1844-1924
_9240108
245 1 4 _aLes contes de Jacques Tournebroche /
_cAnatole France ; illustrations de Léon Lebègue.
260 _aParis :
_b[Drager Press],
_c1909.
300 _a183 p. :
_b19 cm.
700 1 _aLebègue, Léon.
_971009
852 _aES-MaACL
_jB-2716
999 _c129571
_d129571